Naissance des Bourgeoisies Latino - Américaines au XIXe siècle: les cas de l'Equateur

Guardat en:
Dades bibliogràfiques
Autor principal: Guerrero, Andres
Format: Text
Publicat: Quito: FLACSO
Etiquetes: Afegir etiqueta
Sense etiquetes, Sigues el primer a etiquetar aquest registre!

MARC

LEADER 00000 a a2200000 04500
001 24382
003
040
090 |a 172800  
100 |a Guerrero, Andres  
245 |a Naissance des Bourgeoisies Latino - Américaines au XIXe siècle: les cas de l'Equateur  
260 |a Quito:   |b FLACSO  
300 |a pp. 1171-1193  
500 |a Separata  
999 |c 16538  |d 16538